The growth of the American economy (Record no. 4084)
[ view plain ]
| 000 -LEADER | |
|---|---|
| fixed length control field | 00852cam a22002771 4500 |
| 001 - CONTROL NUMBER | |
| control field | 4084 |
| 003 - CONTROL NUMBER IDENTIFIER | |
| rucl marc code | BD-RjUL |
| 005 - DATE AND TIME OF LATEST TRANSACTION | |
| control field | 20211208233830.0 |
| 008 - FIXED-LENGTH DATA ELEMENTS--GENERAL INFORMATION | |
| fixed length control field | 131221r19531951n 001 0 eng d |
| 035 ## - SYSTEM CONTROL NUMBER | |
| System control number | (BD-RjUL)4118 |
| System control number | (OCoLC)274395 |
| 040 ## - CATALOGING SOURCE | |
| Original cataloging agency | DLC |
| Transcribing agency | OClU |
| Modifying agency | OCoLC |
| -- | ODa |
| -- | OCoLC |
| -- | DLC |
| -- | BD-RjUL |
| Language of cataloging | eng |
| 041 ## - LANGUAGE CODE | |
| Language code of text/sound track or separate title | eng |
| 082 ## - DEWEY DECIMAL CLASSIFICATION NUMBER | |
| Classification number | 330.973 |
| Author mark and year | GRO 1953 |
| 245 14 - TITLE STATEMENT | |
| Title | The growth of the American economy |
| Statement of responsibility, etc. | edited by Robert G. Albion and others |
| 250 ## - EDITION STATEMENT | |
| Edition statement | 2d ed. |
| 260 ## - PUBLICATION, DISTRIBUTION, ETC. (IMPRINT) | |
| Place of publication, distribution, etc. | New York : |
| Name of publisher, distributor, etc. | Prentice-Hall, |
| Date of publication, distribution, etc. | 1951 [reprinted 1953]. |
| 300 ## - PHYSICAL DESCRIPTION | |
| Pagination | xiv, 946p. ; |
| Illustrations | maps,diagrs. |
| Size | 23 cm. |
| 490 0# - SERIES STATEMENT | |
| Series statement | Prentice-Hall economics series |
| 504 ## - BIBLIOGRAPHY, ETC. NOTE | |
| Bibliography, etc | Includes index. |
| 651 #0 - SUBJECT ADDED ENTRY--GEOGRAPHIC NAME | |
| Geographic name | United States |
| General subdivision | Economic conditions |
| 9 (RLIN) | 12978 |
| 700 1# - ADDED ENTRY--PERSONAL NAME | |
| Personal name | Williamson, Harold Francis, |
| 942 ## - ADDED ENTRY ELEMENTS (KOHA) | |
| Source of classification or shelving scheme | Dewey Decimal Classification |
| Koha item type | Books |
| Lost status | Source of classification or shelving scheme | Damaged status | Not for loan | Collection code | Permanent Location | Current Location | Shelving location | Date acquired | Source of acquisition | Cost, normal purchase price | Total Checkouts | Full call number | Date last seen | Copy number | Koha item type |
|---|---|---|---|---|---|---|---|---|---|---|---|---|---|---|---|
| Dewey Decimal Classification | Not For Loan | Non-fiction | Central Library, University of Rajshahi | Central Library, University of Rajshahi | Reading Room | 12/12/1956 | Lahore Pak. Ltd. | 11.40 | 330.973 GRO 1953 | 21/12/2013 | C-1 | Books |